1743 1246 1007 1314 1731 1049 1950 1200 1948 1830 1502 1369 1082 1306 1059 1148 1065 1089 1634 1113 1276 1946 1249 1661 1160 1357 1697 1737 1352 1052 1251 1214 1595 1391 1708 1595 1668 1210 1687 1113 1362 1509 1196 1839 1288 1961 1092 1858 1478 1917 1752 1169 1052 1336 1251 1587 1920 1673 1341 1665 1403 1169 1801 1182 1274 1464 1611 1446 1013 1403 1231 1879 1086 1267 1063 1057 1558 1962 1252 1638 1242 1553 1736 1517 1782 1013 1910 1163 1444 1424 1362 1974 1707 1280 1078 1486 1019 1173 1039 BCNSPRNW ULIB Ver.6.0+V

เปลี่ยนเป็นภาษาไทย

Change to English
 แสดงรายละเอียดบรรณานุกรม
  กลับหน้าหลัก

Brief Record : Get Marc (ISO 2709) : E-mail record : QR code < ปิดหน้าต่าง
LEADER : 00000nam 2200000uu 4500
001    13399112609
003     ULIB
008    110828s2553||||th 000 0 tha d
020    9789744961389
060 04 QW170^bพ778ว 2553
100 0  พิสิฐ ตั้งกิจวานิชย์
245 10 ไวรัสตับอักเสบบีและมะเร็งตับ =^bHepatitis B virus andliver cancer /^cพิสิฐ ตั้งกิจวานิชย์
246 31 Hepatitis B virus and liver cancer
250    พิมพ์ครั้งที่ 1
260    กรุงเทพฯ :^bก.การพิมพ์เทียนกวาง,^c2553
300    vii, 317 หน้า :^bภาพประกอบ ;^c30 ซม.
650  4 ตับ^xมะเร็ง
650  4 ตับอักเสบจากไวรัส
650  4 ตับอักเสบบี
650  4 ไวรัสตับอักเสบบี
945    ^p500^l0^i18588
945    ^p500^l0^i18589
945    ^p500^l0^i18883
995    เกษร
999 ^a ใช้งานได้ทุกระบบ
รายการนี้ยังไม่มีแท็ก
คุณยังไม่ได้ล็อกอิน คุณสามารถมีกิจกรรมร่วมกับเว็บไซต์ได้ แต่ต้องล็อกอินก่อน ::
  ล็อกอิน

รายการสื่อสารสนเทศ

ลำดับที่ ประเภท เลขเรียก/บาร์โค้ด สถานที่ สถานะ
1. วิทยาศาสตร์การแพทย์ และสุขภาพ
วิทยาศาสตร์การแพทย์ และสุขภาพ
QW170 พ778ว 2553  
  Barcode: 18588
ห้องสมุดวิทยาเขตนครสวรรค์
►ส่วนจัดเก็บหนังสือเก่า นว.
บนชั้น
  ขอยืม
2. วิทยาศาสตร์การแพทย์ และสุขภาพ
วิทยาศาสตร์การแพทย์ และสุขภาพ
QW170 พ778ว 2553 ฉ.2 
  Barcode: 18589
ห้องสมุดวิทยาเขตนครสวรรค์
►ส่วนจัดเก็บหนังสือเก่า นว.
บนชั้น
  ขอยืม
3. วิทยาศาสตร์การแพทย์ และสุขภาพ
วิทยาศาสตร์การแพทย์ และสุขภาพ
QW170 พ778ว 2553 ฉ.3 
  Barcode: 18883
ห้องสมุดวิทยาเขตนครสวรรค์
►ส่วนจัดเก็บหนังสือเก่า นว.
บนชั้น
  ขอยืม

รายการใกล้เคียง
    หัวเรื่อง [ตับอักเสบจากไวรัส]
    หัวเรื่อง [ตับอักเสบบี]
    หัวเรื่อง [ไวรัสตับอักเสบบี]

BibComment


ยังไม่เคยถูกคอมเมนท์

คอมเมนท์ทรัพยากรรายการนี้
  คอมเมนท์: ไวรัสตับอักเสบบีแ..


 Copyright 2026. Bcnsprnw @Library